000 00360nam a2200145Ia 4500
008 230312s9999||||xx |||||||||||||| ||und||
082 _a616
_bNAG-C
100 _aNagi,A.H
245 0 _aClinical Pathology Interpretations
260 _bNational BookFoundation
_aPakistan
_c2004
300 _a393
546 _aEng.
650 _aMedical
_vPathology
942 _cBK
999 _c5719
_d5719